LEADER 00583nas a2200169 i 4500 001 000000130661 003 CaOOAMICUS 005 20041111000000.0 008 041111b it uu u0 0ita r 013 $a103396 040 $aSeMil$bita 245 10$aTitolo mancante. 773 0 $tNuovo Cimento.$dBologna : Zanichelli, 1942-1971.$w()2554 773 0 $tRivista del Nuovo Cimento.$dBologna : Zanichelli, 1943-1971.$w()2820 850 $aSeMil 852 $aSeMil$W1$xVenegono$y1$m177 9 28$j84697$B84697$CSeMilBibl$Z2$F88844 $82 996 $6245$aTitolo mancante$9(OLS)http://semarc/title/46445 LEADER 00694nam a2200169 i 4500 001 000000255533 003 CaOOAMICUS 005 20171005000000.0 008 171005s1831 it u000 u ita u 013 $a234441 040 $aSeMil$bita 245 10$a[Africa :$bTomo 2]. 300 $a461 p., [5] carte di tav. :$bill. 773 0 $aFerrario, Giulio <1767-1847>$tCostume antico e moderno ovvero storia del governo, della milizia, della religione, delle arti, scienze....$dLivorno : Tipografia Vignozzi, 1830-1837.$g9$w()4617 850 $aSeMil 852 $aSeMil$W1$xVenegono$y1$m3W I 30 FA$j205879$B205879$CSeMilBibl$Z2$F219302 $8I 996 $6245$a[Africa :$bTomo 2]$9(OLS)http://semarc/title/411771